Basket-Ball : Vainqueur Coupe du monde - Statistiques

Statistiques générales
  • Ce quiz a été pris 17 fois
  • Le résultat moyen est 16 sur 19
Statistiques - réponses
Année Vainqueur % Correct
2023 Allemagne
100%
2014 États-Unis
100%
2010 États-Unis
100%
1994 États-Unis
100%
1986 États-Unis
100%
1954 États-Unis
100%
2019 Espagne
88%
2006 Espagne
88%
1950 Argentine
75%
1963 Brésil
75%
1959 Brésil
75%
1982 Union soviétique
75%
1974 Union soviétique
75%
1967 Union soviétique
75%
2002 Yougoslavie
69%
1998 Yougoslavie
69%
1990 Yougoslavie
69%
1978 Yougoslavie
69%
1970 Yougoslavie
69%
Aucun quiz correspondant
Distribution des résultats
% des personnes avec chaque résultat
Percentile par nombre de réponses
Votre historique - résultats
Vous n’avez pas pris ce quiz